ბათუმის შოთა რუსთაველის სახელმწიფო უნივერსიტეტის ბიბლიოთეკა

როგორ უხმობდა სიკეთე სიკეთეს (ბიბ.ჩანაწერი № 42251)

000 -LEADER
fixed length control field 00930nam a2200241Ia 4500
001 - CONTROL NUMBER
control field 8946
003 - CONTROL NUMBER IDENTIFIER
control field GE_BSU
008 - FIXED-LENGTH DATA ELEMENTS--GENERAL INFORMATION
fixed length control field 181216s||||||||xx |||||||||||||| ||und||
040 ## - CATALOGING SOURCE
Transcribing agency GE_BSU
080 ## - UNIVERSAL DECIMAL CLASSIFICATION NUMBER
Universal Decimal Classification number 821.353.1–32+821.353.1-31
100 ## - MAIN ENTRY--PERSONAL NAME
Personal name კვიცარიძე,დავით
245 ## - TITLE STATEMENT
Title როგორ უხმობდა სიკეთე სიკეთეს
245 ## - TITLE STATEMENT
Remainder of title მოთხრობები.რომანი
245 ## - TITLE STATEMENT
Statement of responsibility, etc. რედ.ტ.ჯანხოთელი.მხატვ.ო.ქანდარია
250 ## - EDITION STATEMENT
Edition statement მეორე გამ–მა
260 ## - PUBLICATION, DISTRIBUTION, ETC.
Place of publication, distribution, etc. თბილისი
260 ## - PUBLICATION, DISTRIBUTION, ETC.
Name of publisher, distributor, etc. საბჭოთა საქართველო
260 ## - PUBLICATION, DISTRIBUTION, ETC.
Date of publication, distribution, etc. 1987
300 ## - PHYSICAL DESCRIPTION
Extent 645გვ.20სმ.
653 ## - INDEX TERM--UNCONTROLLED
Uncontrolled term მოთხრობები.რომანი
653 ## - INDEX TERM--UNCONTROLLED
Uncontrolled term როგორ უხმობდა სიკეთე სიკეთეს
942 ## - ADDED ENTRY ELEMENTS (KOHA)
Koha item type წიგნი
ეგზემპლარები
Withdrawn status Lost status Damaged status Not for loan Date acquired Barcode Date last seen Price effective from Koha item type
        2018-12-17 31435 2018-12-17 2018-12-17 წიგნი
        2018-12-17 31436 2018-12-17 2018-12-17 წიგნი